00450nam a2200133 a 45000010005000000030005000050050017000100080041000270400020000681000035000882450080001232600020002035000093002231449CDMR20160726094951.0130130s1972||||||||||||||||||||||||||||d aCDMRbcatcCDMR1 aCasanova Muñoz, Juan Antonio10aHistoria de la "Hoja del Lunes" de BarcelonacJuan Antonio Casanova Muñoz aBarcelonac1972 aTesi doctoral dirigida per Rafael Manzano; Escuela Oficial de Periodismo, curs 1971-1972